000 03543nab a2200313 i 4500
003 BR-BrBNA
005 20250422103913.0
008 250422b2019 bl.ar|pooa||| 00| 0 eng |
040 _aBR-BrBNA
_beng
072 _aC30
072 _aU10
100 _aLopes, Marcos Reis
100 _aSilva, Vânia Cordeiro
100 _aAraujo, Quintino Reis
100 _aNovais, Renato Nunes da Silva
245 _aCepec Herbarium database update proposal
500 _a Publicação online; 6 ref.; 4 illus.; 2 tables; Summaries (En, Pt)
520 _a Abstract: Herbarium databases offer information about plant taxonomy, ecology, phytotherapeutics, and ethnobotanicals, among other subjects that focus on regional and international flora. These databases require a high degree of reliability. This work consists of an applied and detailed study on two databases, with different architectures, of the Cocoa Research Center [CEPEC], acronym in Portuguese] Herbarium, in Executive Commission of the Cacao Farming Plan [CEPLAC], Brazil, which had to be remodeled, standardized and merged into a single database, and a proposal for a dedicated system to add, delete and edit existing data. This document is intended for botanists, as well as practitioners of related fields and who have in botany an important source of information. Results reflect the importance of each software according to analysis, definition of requirements and software development. A new database system is proposed for immediate use by the staff and technicians of CEPEC’s Herbarium. Key words: Systematization of botanical information, Exsiccatae, Brazilian Flora
520 _a Resumo: Os bancos de dados de herbário oferecem informações sobre taxonomia vegetal, ecologia, fitoterápicos, e etnobotânica, entre outros assuntos que enfocam a flora regional e internacional. Esses bancos de dados exigem um alto grau de confiabilidade. Este trabalho consiste em um estudo aplicado e detalhado em dois bancos de dados, com arquiteturas diferentes, do Herbário do Centro de Pesquisas em Cacau [CEPEC] da Comissão Executiva do Plano da Lavoura Cacaueira [CEPLAC], no Brasil, que precisaram ser remodelados, padronizados e fundidos em um único banco de dados e uma proposta de sistema dedicado à adição, exclusão e, principalmente, edição dos dados existentes. Este documento destina-se a técnicos de botânica, assim como a profissionais de áreas afins e que têm na botânica uma fonte importante de informações. Os resultados refletem a importância de cada software de acordo com a análise, definição de requisitos e desenvolvimento de software. Um novo sistema de banco de dados é proposto para uso imediato pelos funcionários e técnicos do Herbário CEPEC. Palavras-chave: Sistematização de informações botânicas, Exsicata, Flora Brasileira.
650 _aSISTEMA DE INFORMAÇÃO
650 _aHERBÁRIO
650 _aFLORA
650 _aPROGRAMA DE COMPUTADOR
650 _aBRASIL
773 0 _03583
_9349608
_dCruz das Almas-BA Universidade Federal da Bahia - Escola de Agronômia 1983
_o2025-2128
_tMagistra (Brazil)
_x0102-5333
_gv. 30 p. 168-178; (2019)
_wBR2025000765
856 _uhttps://periodicos.ufrb.edu.br/index.php/magistra/article/view/4237/2185
942 _cANA
999 _c331130
_d331130